000 00508nam a2200217 a 4500
999 _c9959
_d9959
001 9959
003 BD-JhCC
005 20180403194242.0
008 180403b e |||| ||a| 00| 0 eng d
035 _a(BD-JhCC) 9959
040 _aBD-JhCC
_dBD-JhCC
041 _aeng
082 _a914.2
_bHER
100 _aHerdman, T
245 _aIndustry in Britain /
_c T Herdman
260 _aBritain :
_bLongmans,
300 _a40 p .:
_c22 cm .
650 _aGreat Britain
942 _2ddc
_cBK